Statystyki dla Rozpoznaj Państwo po Stolicy

Kliknij tutaj aby rozwiązać quiz!

Ogólne statystyki

  • Ten quiz został rozwiązany 176 razy
    (166 od ostatniego zresetowania)
  • Średni wynik to 15 z 20

Statystyki odpowiedzi

StolicaPaństwo% Poprawnych
TokioJaponia
99%
MińskBiałoruś
98%
WarszawaPolska
98%
WaszyngtonStany Zjednoczone
97%
PekinChiny
96%
MadrytHiszpania
95%
LondynWielka Brytania
93%
LizbonaPortugalia
90%
AlgierAlgieria
89%
OttawaKanada
84%
SeoulKorea Południowa
84%
Nowe DelhiIndie
83%
PjongjangKorea Północna
81%
BelgradSerbia
80%
KairEgipt
79%
CanberraAustralia
74%
KingstonJamajka
53%
ChartumSudan
40%
Saint John'sAntigua i Barbuda
17%
ApiaSamoa
16%

Rozkład punktacji

Percentyl według liczby udzielonych odpowiedzi

Procent ludzi z każdym wynikiem

Twoja historia wyników

Nie rozwiązałeś tego quizu od ostatniego zresetowania